000 01451cam a22004217a 4500
001 000094685
003 CHAP
005 20220329143038.0
008 051018d2005 mx r 00110 spa d
010 _a91151
011 _a92123
035 _a102686
040 _cCHAP
090 _aTesis
100 0 0 _aEspejel Zaragoza, José Alfredo.
_937823
245 1 0 _aTratamiento de nejayote mediante un biodigestor anaeróbico /
_c/por José Alfredo Espejel Zaragoza.
260 _aChapingo, Méx. :
_bEl autor,
_c2005.
300 _a82 h.
502 _aTesis (Ing. Agroindustrial) - - UACH. Departamento de Ingeniería Agroindustrial
590 _aALEPH
_b10
_c20130110
_lUCH01
_h1506
590 _aBATCH-UPD
_b10
_c20130110
_lUCH01
_h0804
590 _aBATCH-UPD
_b10
_c20130410
_lUCH01
_h0442
590 _aBATCH-UPD
_b10
_c20130914
_lUCH01
_h1207
590 _aBATCH-UPD
_b10
_c20140324
_lUCH01
_h1452
590 _aBATCH-UPD
_b10
_c20141002
_lUCH01
_h0827
590 _aCONVERSION
_b10
_c20130109
_lUCH01
_h1350
590 _aE12093SGE
_b10
_c20130613
_lUCH01
_h1008
650 1 4 _aAguas residuales.
_92583
650 1 4 _aDigestores.
_932569
650 1 4 _aNixtamal.
_981485
856 _3Finding aid
_uhttp://10.13.5.2/tesis/102686.pdf
_zTeclea aquí
901 _aBK
905 _aLilia
942 _cCD
942 _n0
949 _aTesis
_bBC
_cTES
_d1026861
_eTS1
_h44017
_i102686
_sb
949 _aTesis
_bBC
_cTES
_d33724000965679
_eTS2
_fc.2
_h44018
_i102686
_si
999 _c91151
_d91151